| 000 | 01186nam a2200325 c 4500 | ||
|---|---|---|---|
| 999 |
_c100769 _d100769 |
||
| 003 | BLK | ||
| 005 | 20230519125724.0 | ||
| 008 | 180409b bul|||||r ||||||| ||bul|| | ||
| 010 | _aKNG00105795000 | ||
| 020 | _a954-17-0205-8 | ||
| 040 | _aBLK | ||
| 041 |
_aBUL _cBUL |
||
| 080 |
_aАнглийска литература _b821.111 _x-31 _z821.111-31 |
||
| 100 | 1 |
_aАдлър, Елизабет _eпърви автор _9364396 |
|
| 139 |
_aАдлър, Елизабет _bА 31 |
||
| 245 | 1 | 0 |
_aВ един удар на сърцето _bРоман _cЕлизабет Адлър; прев. Силвия Вангелова. |
| 257 | _aGBR | ||
| 260 |
_bКалпазанов _c2003 _aСофия |
||
| 300 |
_a384 с. _c20 см |
||
| 380 | _aX | ||
| 490 |
_aКолекция Елизабет Адлър _9201278 |
||
| 500 | _aОриг. загл. In a Heartbeat / Elizabeth Adler. | ||
| 700 | 1 |
_aВангелова, Силвия _eпрев. _9367883 |
|
| 852 |
_aЦб 318096 _bО |
||
| 856 | 4 |
_qpdf _i0.00 _ldisable |
|
| 856 | 4 |
_qpdf _i0.00 _ldisable |
|
| 942 |
_cKNG _n0 _021 _s1 |
||
| 944 |
_aCR _c01.01.2003 _lф / _kЛюдмила_Стоянова |
||
| 944 |
_aED _c2023-05-19 _kГГГ |
||